Soft Skill and Personality Development (Record no. 16346)

MARC details
000 -LEADER
fixed length control field 00593nam a22002177a 4500
008 - FIXED-LENGTH DATA ELEMENTS--GENERAL INFORMATION
fixed length control field 260417b |||||||| |||| 00| 0 eng d
020 ## - INTERNATIONAL STANDARD BOOK NUMBER
International Standard Book Number 978-93-5849-216-3
Price 180
040 ## - CATALOGING SOURCE
Original Cataloguing agency Sibsagar Commerce College Central Library
041 ## - LANGUAGE CODE
Language code of text/sound track or separate title English
082 ## - DEWEY DECIMAL CLASSIFICATION NUMBER
Classification number 155.25
Book Number DAD
100 ## - MAIN ENTRY--PERSONAL NAME
Personal name Dadhara, D.
Fuller form of name Devika
245 ## - TITLE STATEMENT
Title Soft Skill and Personality Development
250 ## - EDITION STATEMENT
Edition statement 1st Ed.
260 ## - PUBLICATION, DISTRIBUTION, ETC.
Place of publication, distribution, etc. Dibrugarh
Name of publisher, distributor, etc. Sri Pradyut Hazarika, Banalata Dibrugarh
Date of publication, distribution, etc. Januray 2026
300 ## - PHYSICAL DESCRIPTION
Pages 220 p. ;
Dimensions 15 x 22 cm
505 ## - FORMATED CONTENTS NOTE
Formated content notes SEC 209<br/>2nd Semester
650 ## - Subject
Subject English
700 ## - Added Entry Personal Name
Personal Name Sen, Sanjay
942 ## - ADDED ENTRY ELEMENTS (KOHA)
Source of classification or shelving scheme Dewey Decimal Classification
Koha item type Books
Holdings
Withdrawn status Lost status Source of classification or shelving scheme Damaged status Not for loan Collection code Home library Current library Shelving location Date acquired Source of acquisition Cost, normal purchase price Total Checkouts Full call number Barcode Date last seen Copy number Cost, replacement price Price effective from Koha item type
    Dewey Decimal Classification     English Sibsagar Commerce College Central Library Sibsagar Commerce College Central Library General Stacks 10/04/2026 Kitap Ghar 180.00   155.25 DAD 29174 17/04/2026 1 360.00 17/04/2026 Books
    Dewey Decimal Classification     English Sibsagar Commerce College Central Library Sibsagar Commerce College Central Library General Stacks 10/04/2026 Kitap Ghar 180.00   155.25 DAD 29175 17/04/2026 2 360.00 17/04/2026 Books
    Dewey Decimal Classification     English Sibsagar Commerce College Central Library Sibsagar Commerce College Central Library General Stacks 10/04/2026 Kitap Ghar 180.00   155.25 DAD 29176 17/04/2026 3 360.00 17/04/2026 Books


Sibsagar Commerce College © 2020. All rights reserved.
Powered by Koha.
Hosted by LIBKART.